RICS Draft Professional Standard - Countering Financial Crime, 2nd Edition - Global (Record no. 122109)
[ view plain ]
| 000 -LEADER | |
|---|---|
| fixed length control field | 03006nam a22002537a 4500 |
| 005 - DATE AND TIME OF LATEST TRANSACTION | |
| control field | 20250715093711.0 |
| 008 - FIXED-LENGTH DATA ELEMENTS--GENERAL INFORMATION | |
| fixed length control field | 250227t2025 xxk|||||o|||| 00| 0 eng d |
| 041 ## - LANGUAGE CODE | |
| Language code of text/sound track or separate title | eng |
| 110 ## - MAIN ENTRY--CORPORATE NAME | |
| Corporate author | Royal Institution of Chartered Surveyors |
| 245 ## - TITLE STATEMENT | |
| Title | RICS Draft Professional Standard - Countering Financial Crime, 2nd Edition - Global |
| Subtitle | a consultation |
| Medium | [Electronic resource] |
| 260 ## - PUBLICATION INFORMATION | |
| Place of publication | London, |
| Publisher | Royal Institution of Chartered Surveyors, |
| Date | 25 February 2025 |
| 300 ## - PHYSICAL DESCRIPTION | |
| Physical description | 21p. |
| 490 ## - SERIES TITLE | |
| Series statement | RICS Consultation |
| 520 ## - ABSTRACT | |
| Abstract | This new draft edition has been updated to address the evolving landscape of financial crimes including those driven by the rise of new technologies such as artificial intelligence (AI) and the<br/>increasing use of digital currency. There has also been an increase in the use of natural resources such as gold and timber as tools for trade-based money laundering. These resources<br/>are often exploited in illegal activities like deforestation or unregulated mining to generate illicit funds, which are subsequently laundered through legitimate markets via online platforms. Summary of updates to the draft professional standard <br/><br/>Expanded the glossary with key terms, including Artificial Intelligence, Nominated Reporting Officer, Suspicious Activity Report (SAR), Specially Designated National (SDN), Tipping off, Proliferation Financing, Sanctions and Trade-Based Money Laundering (TBML).<br/>Updated to address the evolving landscape of financial crimes, driven by AI, digital currencies, and the rising risks of money laundering due to conflicts, particularly with natural resources like gold and timber in TBML.<br/>Enhanced the bribery and corruption section with a deeper analysis of risk categorisation and the importance of periodic reviews.<br/>Provided a comprehensive overview of customer due diligence (CDD), including simplified (SDD) and enhanced due diligence (EDD) for money laundering and terrorist financing.<br/>Added sections in the professional standard:<br/><br/>Trade-Based Money Laundering (TBML): emphasizing vigilance in detecting high-value transactions.<br/>Terrorist Financing: including references to UNSC Resolution 2195 and examining supply chains.<br/>Electronic Verification: using technology to enhance due diligence speed, quality, and efficiency.<br/>Due Diligence Outsourcing: highlighting the option to outsource while retaining firm responsibility. Consultation opened 25 Feb 2025 closes 22 April 2025. <br/> |
| 650 ## - KEYWORDS | |
| Keywords | ARTIFICIAL INTELLIGENCE |
| 650 ## - KEYWORDS | |
| Keywords | FINANCIAL CRIME |
| 650 ## - KEYWORDS | |
| Keywords | MONEY LAUNDERING |
| 650 ## - KEYWORDS | |
| Keywords | SANCTIONS |
| 651 ## - SUBJECT ADDED ENTRY--GEOGRAPHIC NAME | |
| Geographic name | International |
| 710 ## - ADDED CORPORATE NAME | |
| Added corporate author | Royal Institution of Chartered Surveyors |
| 856 ## - ONLINE RESOURCE | |
| Uniform Resource Identifier | <a href="https://consultations.rics.org/gf2.ti/f/1705826/239023525.1/PDF/-/AML_2nd%20edition_for%20consultation_clean_24.02.pdf">https://consultations.rics.org/gf2.ti/f/1705826/239023525.1/PDF/-/AML_2nd%20edition_for%20consultation_clean_24.02.pdf</a> |
| Public note | View the consultation document on RICS.org |
| 856 ## - ONLINE RESOURCE | |
| Uniform Resource Identifier | <a href="https://consultations.rics.org/CounteringFinancialCrimeStandard/consultationHome">https://consultations.rics.org/CounteringFinancialCrimeStandard/consultationHome</a> |
| Public note | View the RICS iConsult homepage on countering financial crime |
| 942 ## - ADDED ENTRY ELEMENTS (KOHA) | |
| Suppress in OPAC | Do not suppress in OPAC |
| Lost status | Damaged status | Not for loan | Current library | Shelving location | Date acquired | Total Checkouts | Full call number | Date last seen | Price effective from | Koha item type |
|---|---|---|---|---|---|---|---|---|---|---|
| Virtual | Online | 27/02/2025 | RICS iConsult | 27/02/2025 | 27/02/2025 | Online material |